|
|
|
|
| LEADER |
01043nam a22002777a 4500 |
| 001 |
39280 |
| 003 |
BD-DhAAL |
| 008 |
220804t1996 ii cf b 001 0beng d |
| 999 |
|
|
|c 44740
|d 44740
|
| 010 |
|
|
|a 74196410
|
| 015 |
|
|
|a GB***
|
| 020 |
|
|
|a 8122201156
|
| 040 |
|
|
|a BD-DhAAL
|c BD-DhAAL
|
| 050 |
0 |
0 |
|a P85.M8
|b C5
|
| 082 |
0 |
0 |
|a 409.24
|
| 100 |
1 |
|
|a Chaudhuri, Nirad C.,
|d 1897-1999.
|9 50619
|
| 245 |
1 |
0 |
|a Scholar extraordinary :
|b the life of Friedrich Max Müller /
|c Nirad C. Chaudhuri.
|
| 260 |
|
|
|a New Delhi :
|b Orient Paperbacks,
|c 1996.
|
| 300 |
|
|
|a 359 pages :
|b portraits ;
|c 22 cm.
|
| 541 |
|
|
|a Donated By Akbar Ali Khan
|e 39280
|
| 600 |
1 |
0 |
|a Müller, F. Max
|q (Friedrich Max),
|d 1823-1900.
|9 50620
|
| 650 |
|
0 |
|a Asianists
|z Germany
|v Biography.
|9 50621
|
| 650 |
|
0 |
|a Language.
|9 50622
|
| 852 |
|
|
|a Ayesha Abed Library
|c Akbar Ali Khan Collection
|
| 942 |
|
|
|2 ddc
|c BK
|
| 952 |
|
|
|0 0
|1 0
|2 ddc
|4 0
|6 409_240000000000000_CHA
|7 1
|9 71556
|a BRACUL
|b BRACUL
|c AAKC
|d 2022-08-04
|e Donated by Akbar Ali Khan
|l 0
|o 409.24 CHA
|p 3010039280
|r 2022-08-04
|t 1
|w 2022-08-04
|y BK
|